| 000 | 00432nab a22001097u 4500 | ||
|---|---|---|---|
| 008 | 130520b2008 xxu||||| |||| 00| 0 spa d | ||
| 041 | _aspa | ||
| 100 | 1 |
_aCastillejo Cambra, Emilio _982295 |
|
| 245 | 0 | 0 |
_aCómo se enseña la Ilustración en la escuela: la versión comunitarista, liberal y republicana _cEmilio Castillejo Cambra |
| 773 | 0 |
_tHistoria de la Educación _gV.27, nº27,2008,págs. 303-321 _x0212-0267 _wRev223 |
|
| 942 | _cAR | ||
| 999 |
_c410685 _d410685 |
||